| 000 | 00672nam a2200205 u 4500 | ||
|---|---|---|---|
| 005 | 20240426063924.0 | ||
| 008 | 180119s1960 r 000 0 eng d | ||
| 035 | _aUPN01000222195 | ||
| 049 | _aCG | ||
| 050 | 4 |
_aF1234 _bT3.8a |
|
| 100 | 1 |
_aTaracena Quevedo, Alfonso, _d1896-1995 _940262 |
|
| 245 | 1 | 3 |
_aLa verdadera Revolución Mexicana / _cAlfonso Taracena. |
| 260 |
_aMéxico : _bJus, _c1960- |
||
| 300 | _av. | ||
| 440 | 0 |
_aFiguras y episodios de la historia de México ; _v89, 93 |
|
| 500 | _aLa biblioteca tiene los v. 5 y 6 | ||
| 505 | 8 |
_aContenido: _gv. 5. _tQuinta etapa (1916-1918) -- _gv. 6. _tSexta etapa (1918-1920) |
|
| 905 | _aLibro | ||
| 999 |
_c194292 _d194292 |
||